| 000 | 02035nam a22001577a 4500 | ||
|---|---|---|---|
| 999 |
_c526224 _d526224 |
||
| 008 | 240517b ||||| |||| 00| 0 eng d | ||
| 100 |
_aHarvey, Charles, et al _952465 |
||
| 245 | _aPhilanthropy and the sustaining of global elite university domination | ||
| 260 | _aOrganization | ||
| 300 | _a 31(3), Apr, 2024: p.433-457 | ||
| 520 | _aHow is it that global elite universities operating in a hyper-competitive world replete with aspirational challengers maintain positions of dominance within the field of higher education decade after decade? Taking a Bourdieusian approach, we argue that the highest-ranking universities strategically leverage pronounced philanthropic advantages to differentiate themselves from would-be challengers. Philanthropy is a critical differentiator because it enables elite universities to sustain privileges that attract highly qualified students, faculty and powerful supporters, who in turn boost their competitive positions through acquisition of valuable cultural, social and symbolic resources. Elite universities co-create with stakeholders strong bonds of identification, honing the disposition to give back philanthropically and complete the socially reproductive cycle of elite domination. At a time of increasing concern about social inequalities, our contribution is to uncover how higher education philanthropy – an essentially conservative force – operates to entrench privilege and magnify social differences while purporting to do the opposite.- Reproduced https://journals.sagepub.com/doi/full/10.1177/13505084221115842 | ||
| 650 |
_aElite Universities, Competitive World, Higher Education, Bourdieusian Approach, Philanthropy, Differentiation, Privileges, Qualified Students, Faculty, Supporters, Cultural Resources, Social Resources, Symbolic Resources, Stakeholders, Identification Bonds, Social Inequalities, Reproductive Cycle, Conservative Force, Privilege Entrenchment, Social Differences _952466 |
||
| 773 | _aOrganization | ||
| 906 | _aEDUCATION | ||
| 942 | _cAR | ||